000 01154nam a22002897a 4500
005 20130101114845.0
008 121226t xxu||||| |||| 00| 0 hin d
010 _aHIN-97832
020 _c250.00
_a9789381997161
035 _aHN-70178
037 _bDBAD / PUB
040 _aDPL
_bHN
082 _a822
100 _927482
_aप्रसाद, जयशंकर
245 _aस्कन्दगुप्त /
_cजयशंकर प्रसाद
246 _aSkandgupt
_bby Jayshankar Prasad
260 _bअनन्य प्रकाशन
_c2012
_aदिल्ली
270 _aई-17, पंचशील गार्डन, नवीन शाहदरा
_bदिल्ली
_e110032
300 1 _a152पृ.
_c22सेमी (सजिल्द)
650 _91170
_aहिन्दी नाटक
650 _aHindi Play
_954593
700 _927483
710 _952094
711 _952444
942 _adpl
_cHN
_2ddc
_mप्रसाद
_h822
999 _c72560
_d72560